000 00601nam a2200229Ia 4500
003 OSt
005 20221005113704.0
006 a|||||r|||| 00| 0
007 ta
008 221004b |||||||| |||| 00| 0 eng d
024 _a59108
037 _cTextual
040 _aCRL
_cCRL
_beng
041 _2eng
_aeng
082 _aU8:2MH, J5
100 _aMason Kenneth
_9349115
245 0 _aAbode of snow
_b A history of Himalayan exploration and mountaineering.
260 _c1955
650 _aGEOGRAPHY
942 _hU8:2MH, J5
_cTEXL
_2cc
999 _c1028922
_d1028922